MDQL
is popping MORE tags! Check the
thread
!
Quizzes
Events
Quiz Creation
Community
Videos
Private Events
Remove Ads
Sign In
Join for FREE
Feedback
Dark Mode
Quiz Categories
Sports
Geography
Music
Movies
Television
Just For Fun
Miscellaneous
History
Literature
Language
Science
Gaming
Entertainment
Religion
Holiday
For Kids
Quiz Lab
Recent
Popular Today
Quiz Kudos Today
Editor Picks
Curator Picks
Quizzes by...
Day
Popularity
Type
Ratings
Length
Year
Community
Subscriptions
Recent Discussions
Orange Saloon
Badges
Playlists
Quests
Create
Leaderboards
Showdown
Live 5
Trivia Bingo
Activity
Puzzle Library
Sporcle Events
Private Events
Virtual Trivia
Globe League
Become a Host
Pub Owners
SporcleCon
Opinionation
Our Games
Videos
Blog
Mobile Apps
Partnerships
Remove Ads and Go Orange
Feedback
Music
Pop Music
The Beatles
Song
Album
Lyrics
Bands
Singers
Artist
Clip
Rock
Rap
Classical
Billboard
Country Music
Kpop
Taylor Swift
Music
Pop Music
The Beatles
Song
Album
Lyrics
Bands
Singers
Artist
Clip
Rock
Rap
Classical
Billboard
Country Music
Kpop
Taylor Swift
Random Quiz
Search Sporcle
×
Quiz Lab
Quiz Lab
Music
Lyrics
Type in answers that appear in a list
Type in answers that appear in a list
Classic
Best Score? Go Orange.
Filter - Hey Man Nice Shot lyrics Stats
Can you name the lyrics to Hey Man Nice Shot by Filter?
By
Ruba
5m
201 Questions
141 Plays
141 Plays
141 Plays
Comments
Comments
Give Quiz Kudos
Give Quiz Kudos
-
- Ratings
hide this ad
Replay
Link that replays current quiz
Next Quiz
Link to next quiz in quiz playlist
You Got
0%
They Got
Avg Score
86%
Avg Friend Score
Upgrade to see
Score Distribution
Jump to the score distribution portion of the page
Score
0/201
Timer
05:00
0
Plays Today
% Correct
man
99.3%
man
99.3%
man
99.3%
man
99.3%
man
99.3%
man
99.3%
man
99.3%
man
99.3%
man
99.3%
man
99.3%
man
99.3%
man
99.3%
man
99.3%
man
99.3%
man
99.3%
man
99.3%
I
98.6%
I
98.6%
a
98.6%
I
98.6%
I
98.6%
hey
98.6%
nice
98.6%
A
98.6%
Hey
98.6%
Hey
98.6%
Nice
98.6%
the
98.6%
And
98.6%
the
98.6%
a
98.6%
and
98.6%
and
98.6%
I
98.6%
hey
98.6%
nice
98.6%
A
98.6%
Hey
98.6%
Hey
98.6%
I
98.6%
I
98.6%
nice
98.6%
I
98.6%
hey
98.6%
nice
98.6%
A
98.6%
I
98.6%
hey
98.6%
nice
98.6%
a
98.6%
Nice
98.6%
Hey
98.6%
Hey
98.6%
Nice
98.6%
Nice
98.6%
I
98.6%
I
98.6%
I
98.6%
I
98.6%
I
98.6%
I
98.6%
shot
97.9%
shot
97.9%
shot
97.9%
shot
97.9%
shot
97.9%
shot
97.9%
% Correct
shot
97.9%
shot
97.9%
shot
97.9%
shot
97.9%
shot
97.9%
shot
97.9%
shot
97.9%
you
96.5%
you
96.5%
you
96.5%
you
96.5%
you
96.5%
you
96.5%
you
96.5%
you
96.5%
me
92.2%
that
92.2%
say
92.2%
that
92.2%
say
92.2%
say
92.2%
say
92.2%
say
92.2%
good
90.8%
it
90.8%
good
90.8%
good
90.8%
good
90.8%
met
89.4%
your
89.4%
your
89.4%
met
89.4%
met
89.4%
met
89.4%
met
89.4%
What
88.7%
what
88.7%
What
88.7%
wish
87.9%
wish
87.9%
wish
87.9%
wish
87.9%
wish
87.9%
They
87.2%
they
87.2%
they
87.2%
they
87.2%
Now
86.5%
why
86.5%
why
86.5%
Now
86.5%
why
86.5%
why
86.5%
but
85.1%
That's
85.1%
but
85.1%
That's
85.1%
That's
85.1%
That's
85.1%
it's
83%
all
82.3%
all
82.3%
all
82.3%
would've
80.9%
would've
80.9%
would've
80.9%
would've
80.9%
% Correct
would've
80.9%
have
80.1%
have
80.1%
have
80.1%
right
79.4%
right
79.4%
right
79.4%
wrong
78.7%
gun
78.7%
wrong
78.7%
gun
78.7%
gun
78.7%
little
78%
were
78%
were
78%
were
78%
late
77.3%
face
77.3%
face
77.3%
could've
76.6%
could've
76.6%
strong
74.5%
fun
74.5%
is
74.5%
strong
74.5%
fun
74.5%
fun
74.5%
taught
73.8%
of
73.8%
in
73.8%
how
71.6%
gone
71.6%
got
70.9%
has
70.9%
Got
70.9%
too
70.9%
has
70.9%
has
70.9%
was
70.2%
some
69.5%
clear
69.5%
air
68.1%
just
68.1%
consider
68.1%
fear
67.4%
who
66.7%
there
66.7%
new
66.7%
think
66%
smoke's
66%
save
65.2%
kind
65.2%
For
62.4%
they're
62.4%
look
61.7%
fight
61%
ending
60.3%
Those
60.3%
stick
59.6%
let
58.2%
smell
58.2%
most
56%
part
55.3%
early
53.2%
You'd
51.8%
They'd
51.1%
I'd
46.8%
Quiz Playlist
Details
Report
Send in Message
Add To Playlist
Classic:
Type in answers that appear in a list
Last Updated: Feb 16, 2017
Quiz Scoreboard
CHALLENGE
Sign Up to Join the Scoreboard
Show All
Scores
Hide
Comments
May contain spoilers
Recently Published
1-10 Letter E Words III
by El_Dandy
Language
2m
Street Fighter Characters
by Artimus82
Gaming
60s
College Basketball Coaching Resumes
by pancakes188
Sports
9m
More to Explore
Quiz From the Vault
Featured Blog Post
Where Did the Easter Bunny Come From?
hide this ad
You Might Also Like...
Tags
Lyrics Quiz
Alternative
Alternative Music
Alternative Rock
Figure Out the Lyrics
Filter
industrial
Man
nice
shot
Today's Top Quizzes in Music
Browse Music
hide this ad
Today's Top Quizzes in Lyrics
Browse Lyrics
Top Contributed Quizzes in Music
1
Taylor Swift All Songs (2024)
2
Taylor Swift Logic Puzzle
3
Guess the Artist- 70s Songs
4
7-to-1: Billboard Hot 100 #1 Hits of 2010s
5
Sorting Albums and Songs
6
Billboard Blitz: Aretha Franklin
7
KPOP LOGIC QUIZ
8
Guess the Taylor Swift song (Mystery Song)
9
Guess The Taylor Swift Lyrics Song #1
10
Billboard Blitz: ABBA
Explore More
Trending Topics
Kpop
Crossword
Anime
Harry Potter
NBA
Marvel
Disney
Pokémon
The Office
Puzzle
Country
NFL
WWE
Song
Soccer
hide this ad
More By:
Ruba
Quiz
Plays
Rating
Category
Featured
Created
Nine Inch Nails - Closer lyrics
1,711
4.65
Music
Dec 22, 2013
Dream Theater lyric with no hints
819
5.00
Music
Jan 13, 2012
Queens of the Stone Age - No One Knows lyrics
763
5.00
Music
Sep 3, 2016
Iron Maiden songs never played live
724
3.67
Music
Jun 12, 2012
Nine Inch Nails song by lyrics
481
5.00
Music
Sep 4, 2013
Go to Creator's Profile
Score Distribution
Quiz Creator Spotlight
Ruba
Follow
Send a Message
Quizzes Created
-
Created Quiz Play Count
-
More By This Creator
Popular Quizzes Today
1
Find the US States - No Outlines Minefield
2
Find the Countries of Europe - No Outlines Minefield
3
The Countries of the World
4
Find the US States
5
Risky Map Clicking: Biggest States A-Z
6
US States
7
Popular People in 1961
8
Movies - When Are They Set?
More Music Quizzes
Bands/Artists From Liverpool/Merseyside
Curator's Pick
Trending Quizzes
Risky Map Clicking: Least Populous States A-Z
Billboard Blitz: Aretha Franklin
Famous Russians: Author or Composer?
1-10 Letter G Words
Countries of the World: 200 Million BC
Recently Updated
Leaping Animals
pecheneg
Reality TV Shows (A-Z)
bhenderson79
Rickey Henderson's Hall of Fame Teammates
pecheneg
Champions League XIs: Arsenal
pecheneg
Quick Pick: Celebrities in WWE's Hall of Fame
aduchscher
A-Z Keypad Blitz II
pecheneg
Multiple Oscar Actors
pecheneg
Mystery Phrase Blitz: Oscar 'Best Actors'
pecheneg
F. Scott Fitzgerald Novels
LTH
Pick 3 Villains
ddd62291
Trending Topics
Harry Potter
Kpop
Marvel
NBA
Disney
Crossword
Anime
Soccer
Country
NFL
WWE
Pokémon
Song
The Office
Puzzle
Your Account Isn't Verified!
In order to create a playlist on Sporcle, you need to verify the email address you used during registration. Go to your
Sporcle Settings
to finish the process.
Report this User
Report this user for behavior that violates our
Community Guidelines
.
Details:
Send Report
Go to the Sporcle.com Mobile Site →
Comments